[SPA] Verbos españoles - Statistiques

Statistiques générales
  • Ce quiz a été pris 190 fois
    188 depuis la dernière actualisation
  • Le résultat moyen est 50 sur 100
Statistiques - réponses
Frances Español % Correct
Aider Ayudar
92%
Avoir Tener
91%
Acheter Comprar
86%
Apprendre Aprender
85%
Manger Comer
84%
Etre Estar
84%
Boire Beber
83%
Chanter Cantar
83%
Faire Hacer
83%
Jouer Jugar
83%
Appeler Llamar
83%
Lire Leer
82%
Danser Bailar
81%
Ecouter Escuchar
81%
Ecrire Escribir
80%
Etudier Estudiar
80%
Parler Hablar
80%
Etre Ser
80%
Pouvoir Poder
79%
Croire Creer
78%
Aller Ir
77%
Travailler Trabajar
77%
Vivre Vivir
76%
Comprendre Comprender
75%
Dire Decir
75%
Aimer Amar
74%
Voir Ver
74%
Créer Crear
73%
Changer Cambiar
71%
Expliquer Explicar
71%
Venir Venir
71%
Chercher Buscar
67%
Vouloir Querer
67%
Ouvrir Abrir
65%
Entrer Entrar
65%
Oublier Olvidar
65%
Courir Correr
64%
Attendre Esperar
62%
Arriver Llegar
62%
Calmer Calmar
61%
Devoir Deber
61%
Mettre / Poser Poner
61%
Regarder Mirar
60%
Vendre Vender
60%
Aimer Gustar
59%
Comparer Comparar
57%
Répondre Responder
57%
Marcher Caminar
56%
Décrire Describir
56%
Avoir - AUX Haber
56%
Perdre Perder
54%
Exister Existir
53%
Laver Lavar
51%
Admettre Admitir
50%
Dîner Cenar
50%
Pratiquer Practicar
50%
Prendre Tomar
49%
Rester Quedar
48%
Recevoir Recibir
48%
Permettre Permitir
47%
Diriger Dirigir
45%
Se baigner Bañarse
43%
Casser / Briser Romper
43%
Annoncer Anunciar
42%
Montrer, enseigner Enseñar
41%
Discuter Discutir
40%
Consommer Consumir
38%
Assister Asistir
37%
Assumer Asumir
34%
Ajouter Añadir
33%
Peindre Pintar
33%
Brûler Quemar
33%
Finir Acabar
32%
Monter Subir
32%
Couvrir Cubrir
29%
Promettre Prometer
29%
Eteindre Apagar
28%
Partager Compartir
28%
Cacher Esconder
28%
Suspendre Suspender
27%
Assassiner Asesinar
24%
Conseiller Aconsejar
19%
S'excuser Disculparse
19%
Cuire Cocinar
17%
Pousser Empujar
16%
Posséder Poseer
14%
Avoir peur Temer
14%
Quitter Dejar
12%
Prendre Coger
10%
Tousser Toser
10%
Coudre Coser
9%
Suffire Bastar
7%
Battre Batir
7%
Soutenir Apoyar
6%
Balayer Barrer
6%
Embrouiller Confundir
4%
Se reposer Reposarse
4%
Blâmer Culpar
3%
Enfermer Callar
2%
Taper Teclear
2%
Aucun quiz correspondant
Distribution des résultats
% des personnes avec chaque résultat
Percentile par nombre de réponses
Votre historique - résultats
Vous n’avez pas pris ce quiz depuis la dernière actualisation